|
|
|
|
| LEADER |
01457nam a2200373Ia 4500 |
| 001 |
EBC533107 |
| 003 |
MiAaPQ |
| 005 |
20200520144314.0 |
| 006 |
m o d | |
| 007 |
cr cn||||||||| |
| 008 |
100201s2010 enk sb 000 0 eng d |
| 020 |
|
|
|z 9781849507240
|
| 035 |
|
|
|a (MiAaPQ)EBC533107
|
| 035 |
|
|
|a (Au-PeEL)EBL533107
|
| 035 |
|
|
|a (CaPaEBR)ebr10387215
|
| 035 |
|
|
|a (CaONFJC)MIL255268
|
| 035 |
|
|
|a (OCoLC)608567715
|
| 040 |
|
|
|a MiAaPQ
|c MiAaPQ
|d MiAaPQ
|
| 050 |
|
4 |
|a HF5657.4
|b .P47 2010
|
| 245 |
0 |
0 |
|a Performance measurement and management control
|h [electronic resource] :
|b innovative concepts and practices /
|c edited by Marc J. Epstein, Jean-Francois Manzoni, Antonio Davila.
|
| 260 |
|
|
|a Bingley, UK :
|b Emerald,
|c 2010.
|
| 300 |
|
|
|a xiv, 527 p.
|
| 490 |
1 |
|
|a Studies in Managerial and Financial Accounting ;
|v 20
|
| 504 |
|
|
|a Includes bibliographical references.
|
| 533 |
|
|
|a Electronic reproduction. Ann Arbor, MI : ProQuest, 2015. Available via World Wide Web. Access may be limited to ProQuest affiliated libraries.
|
| 650 |
|
0 |
|a Management.
|
| 650 |
|
0 |
|a Managerial accounting.
|
| 655 |
|
4 |
|a Electronic books.
|
| 700 |
1 |
|
|a Epstein, Marc J.
|
| 700 |
1 |
|
|a Manzoni, J. F.
|q (Jean-Francois)
|
| 700 |
1 |
|
|a Davila, Antonio.
|
| 710 |
2 |
|
|a ProQuest (Firm)
|
| 830 |
|
0 |
|a Studies in managerial and financial accounting ;
|v 20.
|
| 856 |
4 |
0 |
|u https://ebookcentral.proquest.com/lib/matrademy/detail.action?docID=533107
|z Click to View
|